000 00994nac a22002531u 4500
008 100923s2004 mauill |r|||| 001 0 eng d
010 _a2003046441
020 _a007246352X
020 _a0071198482
082 0 0 _a621.3821
_bLEO
_222
100 _aLeon-Garcia, Alberto.
_919850
245 1 0 _aCommunication Networks :
_bFundamental Concepts and Key Architectures /
_cAlberto Leon-Garcia, Indra Wadjaja.
250 _a2nd ed.
260 _aBoston :
_bMcGraw-Hill,
_c2004.
300 _axxvii, 900 p. :
_bill. ;
_c24 cm.
504 _aIncludes bibliographical references and index.
650 0 _aTelecommunication systems.
_919851
650 0 _aComputer network architectures.
_919852
650 0 _aComputer networks.
_919853
700 1 _aWidjaja, Indra,
_d1960-
_919854
856 4 2 _3Publisher description
_uhttp://www.loc.gov/catdir/description/mh031/2003046441.html
856 4 2 _3Table of contents
_uhttp://www.loc.gov/catdir/toc/mh031/2003046441.html
942 _cBB
_k621.3821 LEO
_2ddc
999 _c621
_d621